Revolución, congreso y constitución: el caso Tohá

Guardat en:
Dades bibliogràfiques
Autor principal: Garcés, Joan E (Autor)
Format: Llibre
Idioma:espanyol
Publicat: Santiago Quimantú 1972
Matèries:
Etiquetes: Afegir etiqueta
Sense etiquetes, Sigues el primer a etiquetar aquest registre!

MARC

LEADER 00000nam a2200000 a 4500
001 UCX5945
003 CL-VaPUC
008 930316e19720000CL |||||||||||||||||spa|d
082 0 4 |a 342.83  |b GAR  |2 21 
100 |a Garcés, Joan E  |e author  |9 572417 
245 1 0 |a Revolución, congreso y constitución: el caso Tohá 
300 |a 414 p 
942 |c BK 
945 |d 19930316 00:00:00 
260 |a Santiago  |b Quimantú  |c 1972 
600 0 7 |a TOHA GONZALEZ, JOSE  |2 CL-VaPUC  |9 322302 
650 0 |a Derecho constitucional   |9 222588 
650 7 |a POLITICA Y GOBIERNO 1970-1973  |2 CL-VaPUC  |9 256415 
651 7 |a CHILE  |2 CL-VaPUC  |9 322303 
583 |a last modification  |c 20161026 05:14:12  |k Rodrigo Vera 
999 |c 226061  |d 226059 
952 |0 0  |1 0  |4 0  |6 342_830000000000000_GAR_1972  |7 0  |8 A  |9 224117  |a BIBHIS  |b BIBHIS  |d 2019-11-15  |i 292952K  |o 342.83 GAR 1972  |p 292952K  |r 2025-01-20  |w 2019-11-15  |y BK  |k HIS